Ingeniería sísmica
Salvato in:
| Autore principale: | |
|---|---|
| Natura: | Libro |
| Lingua: | Spanish |
| Pubblicazione: |
Santa Fe de Bogotá : Uniandes : Ecoe,
1995
|
| Edizione: | 2 |
| Soggetti: | |
| Tags: |
Aggiungi Tag
Nessun Tag, puoi essere il primo ad aggiungerne!!
|
MARC
| LEADER | 00000nam a2200000Ia 4500 | ||
|---|---|---|---|
| 003 | 000155 | ||
| 005 | 20221231144013.0 | ||
| 008 | 140114s1997 ck a 000 ||spa d | ||
| 020 | |a 9589057497 | ||
| 040 | |c cru CEDI | ||
| 082 | |2 550 S247i | ||
| 100 | |a Sarria Molina, Alberto |9 18902 | ||
| 245 | |a Ingeniería sísmica | ||
| 250 | |a 2 | ||
| 260 | |a Santa Fe de Bogotá : Uniandes : Ecoe, |c 1995 | ||
| 300 | |a xxiv, 569 páginas ; ilustraciones | ||
| 650 | |x INGENIERÍA SÍSMICA |x SISMOLOGIA |9 19781 | ||
| 942 | |2 ddc |c BK | ||
| 999 | |c 15484 |d 15484 | ||



